000 00543nam a2200181 i 4500
001 35528
003 ES-MaACL
005 20230906155139.0
007 t|
008 030213s1966 sp ||||1| spa d
100 1 _aBonduelle, Jourdain.
_930092
245 1 0 _aSituación actual de la revisión de vida /
_cJourdain Bonduelle ; versión... Salvador Cabré.
250 _a[1ª ed.].
260 _aBarcelona :
_bNova Terra,
_c1966.
300 _a262 p. ;
_c20 cm.
700 1 _aCabré, Salvador.
_933264
852 _aES-MaACL
_jC-30393
_bR.60802
999 _c35528
_d35528